| 000 | 01986nam a22002537a 4500 | ||
|---|---|---|---|
| 999 |
_c59044 _d59044 |
||
| 003 | Ge_BSU | ||
| 005 | 20221110164909.0 | ||
| 008 | 221110s2020en xxu||||| |||| 00| 0 eng d | ||
| 020 | _a9789941964855 | ||
| 041 | _ageo | ||
| 080 | _a343 ს-54 | ||
| 245 |
_aსისხლის სამართალი და ადამიანის უფლებები = Strafrecht und Menschenrechte : _bგერმანულ-ქართული სამართლის დიალოგი : კონფერენციის მასალები / _cრედაქტორები: ბაჩანა ჯიშკარიანი, მარტინ პაულ ვასმერი ; წინასიტყვაობა პეტერ-ანდრეას ბოხმანი. |
||
| 264 |
_aთბილისი : _bიურისტების სამყარო, _c2020. |
||
| 300 |
_a238 გვ. ; _b 20 სმ. |
||
| 504 | _aბიბლიოგრაფია ტექსტის შენისვნებში. | ||
| 546 | _aტექსტის ნაწილი გერმანულ ენაზე. | ||
| 600 | _2პროექტი განხორციელდა ფრიდრიხ ნაუმანის ფონდის სამხრეთ კავკასიაში წარმომადგენლობის ფინანსური მხარდაჭერით. | ||
| 653 | _aსისხლის სამართალი. | ||
| 653 | _aადამიანის უფლებების დაცვა. | ||
| 700 |
_a ჯიშკარიანი, ბაჩანა _eრედაქტორი _915765 |
||
| 700 |
_a ვასმერი, მარტინ პაულ _eრედაქტორი _915766 |
||
| 700 |
_aბოხმანი, პეტერ-ანდრეას _eწინასიტყვაობა _915767 |
||
| 942 |
_2udc _cBK |
||